| 000 | 00393nam a2200145Ia 4500 | ||
|---|---|---|---|
| 008 | 231129s2003||||xx |||||||||||||| ||spa|| | ||
| 020 | _a958-8156-45-9 | ||
| 040 | _bspa | ||
| 082 | _aR 759.9861 B748bo | ||
| 100 | _aBotero Fernando | ||
| 245 | 0 | _aBotero : mujeres | |
| 260 | _c2003 | ||
| 264 | _aBogotá Colombia : Villegas editores | ||
| 942 |
_2ddc _cBKS |
||
| 999 |
_c6305 _d6305 |
||